Дело о пополнении и исключении недоимок по смете на 1872 год

Доступно только в Электронных читальных залах Найти на картеНа карте
RUSMARC
00003562nmc2a22002413x 450
0018a33390d-4dc9-46d3-a32e-2fb96ed3d42d
00520230425014154.0
100##$a20221108l18731877k l0rusy0189 ca
1010#$arus
102##$aRU
105##$ay###
1222#$ad
2001#$aДело о пополнении и исключении недоимок по смете на 1872 год
$j12 июля 1873 г. - 12 апреля 1877 г.
215##$a12 л.
$d36,5х26 см
251##$cДело
300##$aДело
371##$aДокумент не является опубликованным и широко распространяемым
461#0$1001a74412a3-3cc5-4d21-8f0a-dfe2fbd9e72d
$12001
$aДепартамент народного просвещения Министерства народного просвещения (1803-1917)
$1251
$cФонд
$1852
$j733
462#0$100168ef73bb-909a-4bc7-ae4f-3def6f15d095
$12001
$aСчетный разряд. Сметный стол
$1251
$cОпись
$1852
$j214
801#0$aRU
$bРГИА
$c20221108
$gRCR
801#1$aRU
$bГлавНИВЦ
$c20221108
$2rusmarc
801#2$aRU
$bПБ им. Б.Н. Ельцина
$c20230425
$gRCR
$2rusmarc
850##$aРГИА
852##$aРГИА
$eФедеральное казенное учреждение "Российский государственный исторический архив" (РГИА)
$j45
937##$hРГИА
$d12393963
$aASBIBLIO_SCAN
035##$aRusGRCC00055840
856##$uhttp://readingroom.main.prlib.ru/item.aspx?id_node=n184855648&mode=full
Формат отображения